000
00337nam a2200157Ia 4500
008
230312s9999||||xx |||||||||||||| ||und||
020
_a
0135289106
082
_a
005.13
_b
DEI-C
100
_a
Deitel
245
0
_a
C++ How to Program
260
_b
Prentice Hall
300
_a
1130
546
_a
Eng.
650
_a
Computer
942
_c
BK
999
_c
5995
_d
5995